Cumhuriyet'in beş dönemeci/ (Record no. 14713)

MARC details
000 -BAŞLIK
Sabit Uzunlukta Kontrol Alanı 00743nam a22002297a 4500
999 ## - SİSTEM KONTROL NUMARALARI (KOHA)
Koha Biblionumber 14713
Koha Biblioitemnumber 14713
003 - KONTROL NUMARASI IDENTIFIER
Denetim Alanı MIRAKIL
005 - SON İŞLEM TARİHİ VE ZAMANI
Denetim Alanı 20211222121401.0
008 - SABİT-BOY VERİ ELEMANLARI - GENEL BİLGİLER
Sabit Uzunlukta Kontrol Alanı 211222b tu ||||| |||| 00| 0 tur d
040 ## - KATALOGLAMA KAYNAK
Orijinal Kataloglama Ajansı TR-AnCHP
Metne Dönüştürmek Ajansı TR-AnCHP
041 ## - DİL KODU
Metin / Ses Parça Veya Ayrı Başlığın Dil Kodu tur
082 ## - DEWEY ONLU SINIFLANDIRMA NUMARASI
Sınıflandırma Numarası 320.9561
Ürün Numarası Ü57c 1984
100 ## - ANA GİRİŞ - KİŞİSEL İSİM
Kişisel Ad Ünsal, Hüsamettin
245 10 - BAŞLIK TABLOSU
Başlık Cumhuriyet'in beş dönemeci/
Sorumluluk Tablosu, Vb Hüsamettin Ünsal, Hıfzı Topuz
260 ## - YAYIN, DAĞITIM, VB
Yayın, Dağıtım, Vb Yeri İzmir:
Yayıncı, Dağıtıcı, Vs Adı Sergi Yayınevi,
Yayın, Dağıtım, Vb Tarihi 1984.
300 ## - FİZİKSEL TANIM
Kapsam 199 s.:
Boyutlar 23 sm.
650 #0 - KONU KATMA GİRİŞ - TOPİKAL DÖNEM
9 (RLIN) 9
Topikal Süreli Veya Coğrafi Ad Giriş Elemanı Siyaset ve yönetim
Genel Alt Bölümü Türkiye
650 #0 - KONU KATMA GİRİŞ - TOPİKAL DÖNEM
9 (RLIN) 9
Topikal Süreli Veya Coğrafi Ad Giriş Elemanı Siyaset ve yönetim
Genel Alt Bölümü Türkiye
Kronolojik Alt Bölümü Çok partili dönem
650 #0 - KONU KATMA GİRİŞ - TOPİKAL DÖNEM
9 (RLIN) 625
Topikal Süreli Veya Coğrafi Ad Giriş Elemanı Köy Enstitüleri
Genel Alt Bölümü Tarih
651 #0 - KONU KATMA GİRİŞ - COĞRAFİ ADI
9 (RLIN) 5416
Coğrafi İsim Türkiye
Genel Alt Bölümü Tarih
Kronolojik Alt Bölümü Cumhuriyet dönemi
651 #0 - KONU KATMA GİRİŞ - COĞRAFİ ADI
9 (RLIN) 5416
Coğrafi İsim Türkiye
Genel Alt Bölümü 1961 Anayasası
942 ## - EKLENDİ GİRİŞ ELEMANLARI (KOHA)
Sınıflandırma Veya Raf Düzeni Kaynak Dewey Decimal Classification
Koha Öğesi Türü Books
Holdings
Kalıcı Konum Mevcut Konum Edinme Tarihi Toplam Check-Out'Lar Tam Çağrı Numarası Barkod Tarih Son Görülme İtibaren Geçerli Fiyatlar Koha Öğesi Türü
CHP Kütüphanesi CHP Kütüphanesi 12/22/2021   320.9561 Ü57c 1984 020202 12/22/2021 12/22/2021 Books